Statistics for ABBA Multiple Choice

Click here to take the quiz!

General Stats

  • This quiz has been taken 47 times
  • The average score is 7 of 13

Answer Stats

QuestionAnswer% Correct
ABBA is also the name of a company that produces preserved fish productsTrue
73%
Which of these is the correct title?The Name of the Game
71%
Which artist famously sampled "Gimme! Gimme! Gimme! (A Man After Midnight)"?Madonna
68%
Bjorn describes his divorce from Agnetha as "fairly amicable"True
63%
In 1992, following her split from Bjorn, Agnetha Faltskog married Prince Heinrich Ruzzo Reuss of Plauen, officially making her Princess Agnetha.False
59%
"The Winner Takes it All" is a song featured in which album?Super Trouper
59%
On the album cover for "Arrival", the band members are sitting in what vehicle?Helicopter
54%
In which country was band member Anni-Frid (Frida) born?Norway
54%
What is the first name of Agnetha and Bjorn's daughter?Linda
51%
This song, recorded in 1978, was released as part of the 2021 album "Voyage"Just a Notion
49%
Which of these is not the title of an ABBA song?Santa Clara
44%
Agnetha's mother died tragically in a car accident in 1994False
39%
ABBA Gold has been in the UK Top 100 Album Charts for over 2000 WeeksFalse
20%

Score Distribution

Percentile by Number Answered

Percent of People with Each Score

Your Score History

You have not taken this quiz